Urban informal economy: (Record no. 17123)

MARC details
000 -LEADER
fixed length control field 00804nam a22002177a 4500
005 - DATE AND TIME OF LATEST TRANSACTION
control field 20081020154859.0
008 - FIXED-LENGTH DATA ELEMENTS--GENERAL INFORMATION
fixed length control field 081020t xxu||||| |||| 00| 0 eng d
010 ## - LIBRARY OF CONGRESS CONTROL NUMBER
LC control number ENG-84160
020 ## - INTERNATIONAL STANDARD BOOK NUMBER
International Standard Book Number 8183186394
020 ## - INTERNATIONAL STANDARD BOOK NUMBER
Terms of availability 475.00 (hb)
035 ## - SYSTEM CONTROL NUMBER
System control number EN-67693
082 ## - DEWEY DECIMAL CLASSIFICATION NUMBER
Classification number 330.91732
100 ## - MAIN ENTRY--PERSONAL NAME
Personal name Jahan, K Kumar
245 ## - TITLE STATEMENT
Title Urban informal economy:
Remainder of title performance and issues /
Statement of responsibility, etc by K Kumar Jahan
260 ## - PUBLICATION, DISTRIBUTION, ETC. (IMPRINT)
Place of publication, distribution, etc Mumbai
Name of publisher, distributor, etc Himalaya Publishing House
Place of manufacture Ramdoot, Dr Bhalerao Marg, Girgaon, Mumbai-400004
260 ## - PUBLICATION, DISTRIBUTION, ETC. (IMPRINT)
Date of publication, distribution, etc 2007
300 ## - PHYSICAL DESCRIPTION
Extent 175p
Dimensions 22cm
500 ## - GENERAL NOTE
General note Includes bibliographical references
942 ## - ADDED ENTRY ELEMENTS (KOHA)
Source of classification or shelving scheme Dewey Decimal Classification
Koha item type English Books
Classification part 330.91732
Call number suffix JAH
Holdings
Withdrawn status Lost status Source of classification or shelving scheme Damaged status Not for loan Home library Current library Date acquired Cost, normal purchase price Total Checkouts Full call number Barcode Date last seen Cost, replacement price Price effective from Koha item type
    Dewey Decimal Classification   Not For Loan D.B.Act.Division D.B.Act.Division 26/02/2007 475.00   330.91732 JAH EN-67693 21/10/2008 475.00 21/10/2008 English Books

© Delhi Public Library
Hit Counter
free hit counter